| 000 | 00657nam a2200229 a 4500 | ||
|---|---|---|---|
| 001 | 46849 | ||
| 003 | BD-RjUL | ||
| 005 | 20211209054221.0 | ||
| 008 | 160804r19701961enk 001 0 eng | ||
| 020 | _a0.21034023.1 | ||
| 035 | _a(BD-RjUL) 46968 | ||
| 040 |
_aDLC _cOUN _dBD-RjUL _beng |
||
| 041 | _aeng | ||
| 082 |
_a551 _223 _bAPP 1970 |
||
| 100 | 1 | 0 |
_aAppleby, Paul H. _q(Paul Henson), _d1891-1963. _9142723 |
| 245 | 1 | 0 | _aPublic administration for a welfare state / |
| 260 |
_aLondon : _bAsia Pub. House, _c1961 [reprint 1970] |
||
| 300 |
_a105 p. ; _c19 cm. |
||
| 500 | _aIncludes index | ||
| 650 | 0 |
_aPublic administration. _9142724 |
|
| 942 |
_2ddc _cBK |
||
| 999 |
_c46849 _d46849 |
||